01537nam a2200337 a 4500001001000000003000500010005001700015008004100032010001100073011001100084040000900095090001000104100004300114245021300157260004100370500006000411502010900471590004000580590004000620590004000660650003600700650003700736700004800773856007000821901000700891942001000898942000600908999001900914952013100933952013501064000114036CHAP20220329144424.0171023s2017 mx a fsm |||||||spa d a110497 a111469 cCHAP aTesis1 aMolina Bartolo, Dulce Sarahí913387610aMecanismos de resistencia a herbicidas inhibidores de la ACCasa de poblaciones de Avena fatua del Bajío Guanajuatense /h[En línea]cpor Dulce Sarahí Molina Bartolo y Juana María Sánchez Rentería. aChapingo, Méx. :bEl autor,c2017. aPara ver el contenido del material haga clic en la liga aTesis (Ing. Agr. Esp. en Parasitología Agrícola) -- UACH. Departamento de Parasitología Agrícola aE8697GMMb05c20171023lUCH01h1008 aE8697GMMb05c20171023lUCH01h1018 aE8697GMMb05c20171023lUCH01h114114aHerbicidasxAnálisis.913217114aHerbicidasxAplicación.9536921 aSánchez Rentería, Juana María9133877 aFinding aiduhttp://10.13.5.2/tesis/sist114036.pdfzTeclea aquí aBK cTESIS n0 c110497d110497 00104054718TESISaBCbBCd2017-10-23fTESISl0oTesisp114037-10r2019-12-31 00:00:00w2019-12-31yTESISzRecien adquirido 00102local4053708TESISaBCbBCcPA_TESISd2017-10-23fTESISl0oTesisp114037-20r2019-12-31 00:00:00tc.2w2019-12-31yTESIS